LIBRARY & INFORMATION CENTRE, KCAET, TAVANUR

ONLINE PUBLIC ACCESS CATALOGUE (OPAC)

Soils in our environment / (Record no. 7316)

MARC details
000 -LEADER
fixed length control field 00510cam a2200193ua 4500
020 ## - INTERNATIONAL STANDARD BOOK NUMBER
ISBN 81-203-1236-8
041 ## - LANGUAGE CODE
Language code of text/sound track or separate title eng
082 ## - DEWEY DECIMAL CLASSIFICATION NUMBER
Classification number 631.4
Item number MIL/SO
100 ## - MAIN ENTRY--AUTHOR NAME
Personal name Miller, Raymond W .
245 ## - TITLE STATEMENT
Title Soils in our environment /
250 ## - EDITION STATEMENT
Edition statement 7 /
260 ## - PUBLICATION, DISTRIBUTION, ETC. (IMPRINT)
Place of publication New Delhi :
Name of publisher Prentice Hall of India Pvt Ltd. ,
Year of publication 1997.
300 ## - PHYSICAL DESCRIPTION
Number of Pages 649 ; .
700 1# - ADDED ENTRY--PERSONAL NAME
Personal name Donahue, Roy L .
942 ## - ADDED ENTRY ELEMENTS (KOHA)
Koha item type Books
Holdings
Withdrawn status Lost status Damaged status Home library Current library Date acquired Full call number Accession Number Koha item type
      KAUAET KAUAET 07/04/2012 631.4 20070 Books
free website counter